000 00499nam a2200205Ia 4500
003 0100
008 130303s9999 xx 000 0 und d
040 _cARRUPELIB
050 _aPR9387.9.A3H6 1989
100 _aAchebe, Chinua
245 _aHopes and Impediments
245 _bSelected Essays
260 _aNY
260 _bDoubleday Company Inc
260 _C1989
300 _axv
300 _b 186p. 21 cm.
650 _bReligions , Judaism -- Christianity -- Islam
942 0 0 _07
999 _c21232
_d21232